000
00329nam a2200145Ia 4500
008
221030s9999 xx 000 0 und d
041
_a
English
082
_a
105.23
100
_a
N. D. Bhat
245
0
_a
Machine Drawing
_c
by N. D. Bhat, V. M. Panchal
260
_c
0
650
_a
B
700
_a
V. M. Panchal
942
_c
BK
999
_c
13638
_d
13638